00517nam a22001697a 450000500170000001000150001702000260003203500130005803700130007108200120008410000220009624500440011826000520016227000500021430000330026450000500029720130508121119.0 aENG-107065 a9789381695128c250.00 aEN-90598 bDBAD/PUB a004.165 aMaurya, Rajesh K. aMobile computing /cby Rajesh K. Maurya aNew DelhibGlobal Vision Publishing Housec2012 a20, Ansari Road, DaryaganjbNew Delhie110002 axvi,208p. :c24cm(pbk)bill. aIncludes bibliographical references and index